|
|
|
|
| LEADER |
00000cam a2200000 7i4500 |
| 001 |
0000004204 |
| 005 |
20151222.0 |
| 008 |
070725 |
| 020 |
|
|
|a 9832807166(siri)
|
| 020 |
|
|
|a 9832807220
|
| 090 |
0 |
0 |
|a JF
|b ENG (4698)
|
| 100 |
0 |
|
|a Kay G
|
| 245 |
1 |
0 |
|a Gina's new spectacles
|c Kay G
|
| 260 |
|
|
|a Selangor :
|b Penerbitan PCT ,
|c 2004
|
| 440 |
|
|
|a PCT red readers
|
| 500 |
|
|
|a Children ages 7-9 years old (orange)
|
| 650 |
|
0 |
|a Junior fiction
|x English
|x Languages
|
| 999 |
|
|
|a 0000004357
|b Book
|c Children Collection
|e Cawangan Taman Universiti
|
| 999 |
|
|
|a 0000004358
|b Book
|c Children Collection
|e Cawangan Taman Universiti
|
| 999 |
|
|
|a 0000004359
|b Book
|c Children Collection
|e Cawangan Taman Universiti
|
| 999 |
|
|
|a 0000918888
|b Book
|c Children Collection
|e Cawangan Bukit Gambir
|
| 999 |
|
|
|a 0000927931
|b Book
|c Children Collection
|e Cawangan Tangkak
|
| 999 |
|
|
|a 0000927932
|b Book
|c Children Collection
|e Cawangan Tangkak
|
| 999 |
|
|
|a 0000975970
|b Book
|c Children Collection
|e Perbadanan Perpustakaan Awam Johor
|
| 999 |
|
|
|a 0000975971
|b Book
|c Children Collection
|e Perbadanan Perpustakaan Awam Johor
|
| 999 |
|
|
|a 0000975972
|b Book
|c Children Collection
|e Perbadanan Perpustakaan Awam Johor
|
| 999 |
|
|
|a 0000975973
|b Book
|c Children Collection
|e Perbadanan Perpustakaan Awam Johor
|